00540nam a22001577a 450000500170000002000220001703500130003903700130005210000220006524500550008726000490014230000260019194200280021799900170024595201200026220120509121246.0 a0074632108c00.00 aA-825945 aDPLbENG aKohn, Meir946736 aFinancial institutions and markets /cby Meir Kohn aNew DelhibTata McGraw-Hill Publishingc1996 axxiii, 868p.c28 cms. 2ddccENh332.10973mKOH c66376d66376 001040708NFICaZLSbZLSd2012-05-09g0.00l0o332.10973 KOHpA-825945r2012-05-09 00:00:00v0.00w2012-05-09yEN